000
00353nam a2200133Ia 4500
008
151001s9999||||xx |||||||||||||| ||und||
100
_a
K. E. Priestely
245
_a
Education in china
250
_a
1
260
_b
Dragon books
260
_c
1993
300
_a
145
365
_b
9
999
_c
954005
_d
954002